<?xml version="1.0" encoding="UTF-8"?>
<record
    xmlns:xsi="http://www.w3.org/2001/XMLSchema-instance"
    xsi:schemaLocation="http://www.loc.gov/MARC21/slim http://www.loc.gov/standards/marcxml/schema/MARC21slim.xsd"
    xmlns="http://www.loc.gov/MARC21/slim">

  <leader>02289nam a22003137a 4500</leader>
  <datafield tag="999" ind1=" " ind2=" ">
    <subfield code="c">22034</subfield>
    <subfield code="d">22034</subfield>
  </datafield>
  <controlfield tag="003">AR-CdUCM</controlfield>
  <controlfield tag="008">190425b           ||||| |||| 00| 0 spa d</controlfield>
  <datafield tag="040" ind1=" " ind2=" ">
    <subfield code="a">MUNICIPALIDAD PROVINCIAL DEL CUSCO</subfield>
    <subfield code="c">BIBLIOTECA MUNICIPAL DEL CUSCO</subfield>
  </datafield>
  <datafield tag="082" ind1=" " ind2=" ">
    <subfield code="a">TupacAmaru/N&#xB0;6-7/1966</subfield>
  </datafield>
  <datafield tag="245" ind1=" " ind2=" ">
    <subfield code="a">Revista Tupac Amaru :</subfield>
    <subfield code="b">&#xD3;rgano eventual de la provincia de Canas /</subfield>
  </datafield>
  <datafield tag="260" ind1=" " ind2=" ">
    <subfield code="a">Cusco :</subfield>
    <subfield code="b">H. G. Rozas,</subfield>
    <subfield code="c">1966.</subfield>
  </datafield>
  <datafield tag="300" ind1=" " ind2=" ">
    <subfield code="a">145 p&#xE1;ginas. :</subfield>
    <subfield code="c">28 cm.</subfield>
  </datafield>
  <datafield tag="440" ind1=" " ind2=" ">
    <subfield code="a">Revista Tupac Amaru.</subfield>
    <subfield code="n">A&#xF1;o V, Vol. V, N&#xB0;6-7, 1966</subfield>
    <subfield code="9">47212</subfield>
  </datafield>
  <datafield tag="505" ind1=" " ind2=" ">
    <subfield code="a">Contenido: Canas centro tur&#xED;stico. Octavio Linares. -- La cuadrilla. Lino Casafranca Gamarra. -- La revoluci&#xF3;n social de Tupac Amaru el Grande. Ernesto Valdivia Pezo. -- Reba&#xF1;os mejorados e inseminaci&#xF3;n artificial en ovinos corriedale del departamento de Puno.  Hern&#xE1;n Alencastre. -- El integracionismo latinoamericano. Luis Flores Caballero. -- La opini&#xF3;n que tuvieron los hombres m&#xE1;s grandes sobre Tupac Amaru II. Claudio L. Lazo C. -- Las guerrillas ind&#xED;genas de Chiyaraqe y Toqto. Mario A. Gilt Contreras. -- Campa&#xF1;a de alfabetizaci&#xF3;n y educaci&#xF3;n. Delia Chiesa de Tagle. -- Proyecto de plan de estudios para la facultad de derecho y ciencias sociales. Alfredo Rossetti. -- Tupac Amaru y Cicer&#xF3;n. Alcides Estrada. -- Homenaje a Tupac Amaru. Juan de la Cruz Salas. -- El escritor cuzque&#xF1;o. Jos&#xE9; Uriel Garc&#xED;a. Uriel Montufar. -- El Cr&#xE9;dito Agrario. Pedro Valc&#xE1;rcel Gamarra. -- Proyecto de reorganizaci&#xF3;n de la facultad de Ciencias Econ&#xF3;micas y comerciales de la Universidad del Cuzco. Jorge Aguirre. -- Poes&#xED;a. Mar&#xED;a Dora. -- Prosa. Julio Garrido Malaver. --  Documentos. Ley 15962, antecedentes discurso de diputado por el Cuzco. Lucio Mu&#xF1;iz Flores. -- Arte. Santiago Guillen. </subfield>
  </datafield>
  <datafield tag="650" ind1=" " ind2=" ">
    <subfield code="a">Turismo</subfield>
    <subfield code="9">47213</subfield>
  </datafield>
  <datafield tag="650" ind1=" " ind2=" ">
    <subfield code="a">Derecho y Ciencias sociales</subfield>
    <subfield code="9">47214</subfield>
  </datafield>
  <datafield tag="650" ind1=" " ind2=" ">
    <subfield code="a">Medicina f&#xED;sica</subfield>
    <subfield code="9">47215</subfield>
  </datafield>
  <datafield tag="650" ind1=" " ind2=" ">
    <subfield code="a">Historia cusque&#xF1;a</subfield>
    <subfield code="9">5374</subfield>
  </datafield>
  <datafield tag="650" ind1=" " ind2=" ">
    <subfield code="a">Levantamientos andinos</subfield>
    <subfield code="9">44095</subfield>
  </datafield>
  <datafield tag="650" ind1=" " ind2=" ">
    <subfield code="a">Rebeli&#xF3;n de Tupac Amaru</subfield>
    <subfield code="9">6415</subfield>
  </datafield>
  <datafield tag="700" ind1=" " ind2=" ">
    <subfield code="a">Casafranca Gamarra, Lino</subfield>
    <subfield code="9">46698</subfield>
  </datafield>
  <datafield tag="700" ind1=" " ind2=" ">
    <subfield code="a">Valdivia Pezo, Ernesto </subfield>
    <subfield code="9">14881</subfield>
  </datafield>
  <datafield tag="700" ind1=" " ind2=" ">
    <subfield code="a">Alencastre, Hern&#xE1;n </subfield>
    <subfield code="9">47216</subfield>
  </datafield>
  <datafield tag="700" ind1=" " ind2=" ">
    <subfield code="a">Flores Caballero, Luis</subfield>
    <subfield code="9">16743</subfield>
  </datafield>
  <datafield tag="700" ind1=" " ind2=" ">
    <subfield code="a">Valc&#xE1;rcel Gamarra, Pedro</subfield>
    <subfield code="9">46716</subfield>
  </datafield>
  <datafield tag="700" ind1=" " ind2=" ">
    <subfield code="a">Mu&#xF1;iz Flores, Lucio</subfield>
    <subfield code="9">47217</subfield>
  </datafield>
  <datafield tag="942" ind1=" " ind2=" ">
    <subfield code="2">ddc</subfield>
    <subfield code="c">PP</subfield>
  </datafield>
  <datafield tag="945" ind1=" " ind2=" ">
    <subfield code="a">vhl</subfield>
  </datafield>
  <datafield tag="952" ind1=" " ind2=" ">
    <subfield code="0">0</subfield>
    <subfield code="2">ddc</subfield>
    <subfield code="4">0</subfield>
    <subfield code="7">0</subfield>
    <subfield code="a">HEM</subfield>
    <subfield code="b">HEM</subfield>
    <subfield code="c">CART</subfield>
    <subfield code="d">2022-02-15</subfield>
    <subfield code="g">10.00</subfield>
    <subfield code="o">TupacAmaru/N&#xB0;6-7/1966</subfield>
    <subfield code="p">REVC000907</subfield>
    <subfield code="r">2022-02-15</subfield>
    <subfield code="y">PP</subfield>
  </datafield>
</record>
